| 000 | 00476cam a2200193ua 4500 | ||
|---|---|---|---|
| 001 | 10143 | ||
| 008 | 170412n ii |||gr||||Z||||||eng | ||
| 020 | _a8121940745 | ||
| 040 | _cMAIN | ||
| 041 | _aeng | ||
| 082 | _a158.3 | ||
| 100 |
_aSingh, O.P., _eAuthor. |
||
| 245 |
_aArt of effective communication in group discussion and interview _cBy O.P. Singh |
||
| 250 | _a1st ed. | ||
| 260 |
_aNew Delhi: _bS chand, _c2012. |
||
| 300 | _a210p. | ||
| 653 | _aMAIN | ||
| 942 | _cBK | ||
| 999 |
_c9141 _d9141 |
||